| 000 | 00367 a2200157 4500 | ||
|---|---|---|---|
| 003 | OSt | ||
| 005 | 20211007111656.0 | ||
| 008 | 211007b |||||||| |||| 00| 0 eng d | ||
| 040 | _cHU | ||
| 082 | _a292.1303 | ||
| 100 |
_aJ .E.ZIMMERMAN _911171 |
||
| 245 | _aDICTIONARY OF CLASSICAL MYTHOLOGY | ||
| 260 |
_aUSA _bHALL _c1964 |
||
| 300 | _a297 | ||
| 942 |
_2ddc _cBOOKS _n0 |
||
| 999 |
_c10318 _d10318 |
||